| 000 | 00816nam a2200301 a 4500 | ||
|---|---|---|---|
| 003 | AR-BaBNM | ||
| 005 | 20251128210433.0 | ||
| 008 | 082120s2002 ||||||||||||||000 | spa|| | ||
| 020 | _a950-808-165-1 | ||
| 040 | _cAR-BaBNM | ||
| 100 | 1 | _aTobar, Juan Carlos | |
| 245 | 0 | 0 | _aNotas sobre la estructura económica argentina |
| 260 |
_aRosario _bHomo Sapiens Ediciones _c1998 |
||
| 300 |
_a433 p. _btablas |
||
| 504 | _aBibliografía p. 429-433 | ||
| 650 | 4 | _aCONTABILIDAD NACIONAL | |
| 650 | 4 | _aHACIENDA PUBLICA | |
| 650 | 4 | _aPRESUPUESTO NACIONAL | |
| 650 | 4 | _aHISTORIA ECONOMICA | |
| 650 | 4 | _aINFLACION | |
| 650 | 4 | _aECONOMIA | |
| 650 | 4 | _aFINANZAS | |
| 650 | 4 | _aCOMERCIO | |
| 650 | 4 | _aPLANIFICACION Y ADMINISTRACION ECONOMICAS | |
| 653 | _aECONOMIA POLITICA | ||
| 942 | _cBK | ||
| 998 | _cMariana | ||
| 999 |
_c15480 _d15480 |
||